| 000 | 00354nam a2200145Ia 4500 | ||
|---|---|---|---|
| 008 | 230917s9999||||xx |||||||||||||| ||und|| | ||
| 040 |
_e206448 _aMAIN |
||
| 041 | _aEnglish | ||
| 082 | _a809.2 S48D | ||
| 100 | _aShepherd, Simon | ||
| 245 | 0 | _aDrama/ theatre/ performance | |
| 260 |
_aLondon _bRoutledge _c2004 |
||
| 300 | _aviii, 262 p. | ||
| 942 | _cBK | ||
| 999 |
_c175861 _d175861 |
||